Daggers of the mind : an annotated bibliography of the short prose of Kenneth Fearing /

Hlavní autor: Sweney, Matthew, 1964-
Korporativní autor: Univerzita Palackého. Filozofická fakulta
Jazyk: Angličtina
Vydáno: Olomouc : Palacký University, 2008
Vydání: 1st ed.
Témata:
Fyzický popis: 90 s. ; 19 cm
Knihy
Uloženo v:
LEADER 02000nam a2200517 a 4500
001 nkc20091852010
003 CZ PrNK
005 20090330144824.0
007 ta
008 090120s2008 xr e b 000 0deng
015 |a cnb001852010 
020 |a 978-80-244-1926-8  |q (brož.) 
035 |a (OCoLC)320221666 
040 |a OLA001  |b cze  |d ABA001 
045 |a x3x6 
072 7 |a 821.111(73)-3  |x Americká próza  |2 Konspekt  |9 25 
072 7 |a 01  |x Bibliografie. Katalogy  |2 Konspekt  |9 12 
080 |a 821.111(73)-051  |2 MRF 
080 |a 821.111(73)-32  |2 MRF 
080 |a 012  |2 MRF 
080 |a 019.941  |2 MRF 
100 1 |a Sweney, Matthew,  |d 1964-  |7 jn20000605231  |4 aut 
245 1 0 |a Daggers of the mind :  |b an annotated bibliography of the short prose of Kenneth Fearing /  |c Matthew Sweney 
250 |a 1st ed. 
260 |a Olomouc :  |b Palacký University,  |c 2008 
300 |a 90 s. ;  |c 19 cm 
500 |a Nad názvem: Palacký University, Olomouc, Philosophical Faculty 
500 |a Vyšlo v rámci Výzkumného záměru MŠMT 6198959211 "Pluralita kultury a demokracie" 
504 |a Obsahuje bibliografii a bibliografické odkazy 
600 1 7 |a Fearing, Kenneth,  |d 1902-1961  |7 xx0064010  |2 czenas 
648 4 |a 1930-1961 
650 0 7 |a američtí spisovatelé  |7 ph117171  |y 20. stol.  |2 czenas 
650 0 7 |a americká povídka  |7 ph118392  |y 20. stol.  |2 czenas 
651 9 |a American authors  |y 20th century  |2 eczenas 
651 9 |a American short stories  |y 20th century  |2 eczenas 
655 7 |a personální bibliografie  |7 fd133021  |2 czenas 
655 7 |a anotované bibliografie  |7 fd186978  |2 czenas 
655 9 |a personal bibliography  |2 eczenas 
655 9 |a annotated bibliography  |2 eczenas 
710 2 |a Univerzita Palackého.  |b Filozofická fakulta  |7 kn20010709373 
910 2 |a BOA001  |b 1-1216.941 
928 9 |a Univerzita Palackého 
990 |a BK 
995 |a 01 
991 |b 200902  |c NOV 
996 6 |b 2610367100  |c 1-1216.941  |l MZK  |r Sklad / do 1 hodiny  |n 0  |p p.v.  |w 000928480  |u 000010  |a 1  |e BOA001  |j MZK50  |s P